00803nam a2200205 a 450000100100000000500170001000800410002702000150006804000250008310000320010824500620014025000120020226000620021430000210027649000290029750000790032650000700040595201050047599900170058000003933520201002031612.0130624s1998 dr 000 0 spa d a8460093441 aDO-SdBNPbspacBNPHU1 aGarcía Molina, Bartolo9610aRedacción :bcurso superior /cBartolo García Molina. a3a. ed. aSanto Domingo :bUniversidad Católica de Santo Domingo. a293 p. ;c23 cm.1 aExperiencias didáctica aIncluye referencias bibliográficas y notas al pie de las páginasc1998 aIncluye datos biográficos del autor en la solapa de la cubierta 0010718PDaPDbPDcHDd2013-06-24iLF1l0o p39335-10r2020-06-25w2020-06-25yLFPDZNo se presta c38825d38825